|
|
|
|
| LEADER |
00000caa a22000002c 4500 |
| 001 |
1588564762 |
| 003 |
DE-627 |
| 005 |
20250117103309.0 |
| 007 |
tu |
| 008 |
190311s1981 xx ||||| 00| ||ger c |
| 020 |
|
|
|a 9004063560
|
| 035 |
|
|
|a (DE-627)1588564762
|
| 035 |
|
|
|a (DE-576)518564762
|
| 035 |
|
|
|a (DE-599)BSZ518564762
|
| 040 |
|
|
|a DE-627
|b ger
|c DE-627
|e rakwb
|
| 041 |
|
|
|a ger
|
| 084 |
|
|
|a 1
|a 0
|2 ssgn
|
| 100 |
1 |
|
|0 (DE-588)1032022191
|0 (DE-627)737828439
|0 (DE-576)160436699
|4 aut
|a Broek, Roelof van den
|d 1931-
|
| 109 |
|
|
|a Broek, Roelof van den 1931-
|a Broek, R. van den 1931-
|a Broek, Roel van den 1931-
|
| 245 |
1 |
0 |
|a Frühchristliche Religion
|
| 264 |
|
1 |
|c 1981
|
| 336 |
|
|
|a Text
|b txt
|2 rdacontent
|
| 337 |
|
|
|a ohne Hilfsmittel zu benutzen
|b n
|2 rdamedia
|
| 338 |
|
|
|a Band
|b nc
|2 rdacarrier
|
| 601 |
|
|
|a Religion
|
| 650 |
0 |
7 |
|0 (DE-588)4129954-1
|0 (DE-627)104161795
|0 (DE-576)209614838
|a Frühchristentum
|2 gnd
|
| 652 |
|
|
|a KAB
|
| 773 |
0 |
8 |
|i In
|t Die orientalischen Religionen im Römerreich
|d Leiden : Brill, 1981
|g (1981), Seite 363-387
|h 576 S.
|w (DE-627)024356883
|w (DE-576)008082332
|z 9004063560
|7 nnam
|
| 773 |
1 |
8 |
|g year:1981
|g pages:363-387
|
| 935 |
|
|
|a BIIN
|
| 951 |
|
|
|a AR
|
| BIB |
|
|
|a 1
|
| ELC |
|
|
|b 1
|
| ITA |
|
|
|a 1
|t 1
|
| LOK |
|
|
|0 000 xxxxxcx a22 zn 4500
|
| LOK |
|
|
|0 001 3058028245
|
| LOK |
|
|
|0 003 DE-627
|
| LOK |
|
|
|0 004 1588564762
|
| LOK |
|
|
|0 005 20190311180027
|
| LOK |
|
|
|0 008 190311||||||||||||||||ger|||||||
|
| LOK |
|
|
|0 035
|a (DE-Tue135-1)3158
|
| LOK |
|
|
|0 040
|a DE-Tue135-1
|c DE-627
|d DE-Tue135-1
|
| LOK |
|
|
|0 852
|a DE-Tue135-1
|
| LOK |
|
|
|0 852 1
|c NT07857/BKR
|m p
|9 00
|
| LOK |
|
|
|0 852 2
|b 11/7
|9 00
|
| LOK |
|
|
|0 935
|a iSWA
|
| LOK |
|
|
|0 936ln
|0 1442044284
|a KAB
|
| LOK |
|
|
|0 938
|k p
|
| LOK |
|
|
|0 939
|a 11-03-19
|b l12
|
| ORI |
|
|
|a SA-MARC-ixtheoa001.raw
|
| REL |
|
|
|a 1
|
| STA |
0 |
0 |
|a Early Christianity (motif),Church,Early Christianity,Early church
|
| STB |
0 |
0 |
|a Christianisme primitif (motif),Christianisme primitif,Paléochristianisme,Paléochristianisme,Église
|
| STC |
0 |
0 |
|a Cristianismo primitivo
|
| STD |
0 |
0 |
|a Cristianesimo delle origini
|
| STE |
0 |
0 |
|a 早期基督教
|
| STF |
0 |
0 |
|a 早期基督教
|
| STG |
0 |
0 |
|a Cristianismo primitivo
|
| STH |
0 |
0 |
|a Раннее христианство
|
| STI |
0 |
0 |
|a Πρώιμος Χριστιανισμός
|
| SUB |
|
|
|a BIB
|a REL
|
| SYE |
0 |
0 |
|a Alte Kirche,Frühkirche
|